| 000 | 00626nam a2200181Ia 4500 | ||
|---|---|---|---|
| 999 |
_c14648 _d14648 |
||
| 003 | OSt | ||
| 005 | 20201016140418.0 | ||
| 008 | 190216s9999||||xx |||||||||||||| ||und|| | ||
| 020 | _a9780141034263 | ||
| 040 | _coclc | ||
| 082 |
_a371.82209549 _bMOR/T |
||
| 100 |
_aMortenson, Greg _95825 |
||
| 245 | 0 |
_aThree Cups Of Tea : _bOne Man's Extraordinary Journey To Promote Peace...One School At a Time / _cGreg Mortenson ; David Oliver Relin |
|
| 260 |
_bPenguin Books, _c2007. _aNew York: |
||
| 300 | _a350p | ||
| 650 | _aEnglish-Travalogues | ||
| 942 |
_cBK _2ddc _h371.82209549 _iMOR/T _k371.82209549 _mMOR/T |
||